MDQL
is popping MORE tags! Check the
thread
!
Quizzes
Events
Quiz Creation
Community
Videos
Private Events
Remove Ads
Sign In
Join for FREE
Feedback
Dark Mode
Quiz Categories
Sports
Geography
Music
Movies
Television
Just For Fun
Miscellaneous
History
Literature
Language
Science
Gaming
Entertainment
Religion
Holiday
For Kids
Quiz Lab
Recent
Popular Today
Quiz Kudos Today
Editor Picks
Curator Picks
Quizzes by...
Day
Popularity
Type
Ratings
Length
Year
Community
Subscriptions
Recent Discussions
Orange Saloon
Badges
Playlists
Quests
Create
Leaderboards
Showdown
Live 5
Trivia Bingo
Activity
Puzzle Library
Sporcle Events
Private Events
Virtual Trivia
Globe League
Become a Host
Pub Owners
SporcleCon
Opinionation
Our Games
Videos
Blog
Mobile Apps
Partnerships
Remove Ads and Go Orange
Feedback
Science
Computer
Plants
Astronomy
Chemistry
Elements
Math
Animal
Physics
Anatomy
Biology
Geology
General Science
Science
Computer
Plants
Astronomy
Chemistry
Elements
Math
Animal
Physics
Anatomy
Biology
Geology
General Science
Random Quiz
Search Sporcle
×
Quiz Lab
Quiz Lab
Science
final
Type in answers that appear in a list
Type in answers that appear in a list
Classic
Best Score? Go Orange.
Biostats Final Stats
Can you name the Biostats Final?
By
wiggy00
10m
23 Questions
9 Plays
9 Plays
9 Plays
Comments
Comments
Give Quiz Kudos
Give Quiz Kudos
-
- Ratings
hide this ad
Replay
Link that replays current quiz
Next Quiz
Link to next quiz in quiz playlist
You Got
0%
They Got
Avg Score
11%
Avg Friend Score
Upgrade to see
Score Distribution
Jump to the score distribution portion of the page
Score
0/23
Timer
10:00
0
Plays Today
Question
Answer
% Correct
Average of sample
mean
88.9%
Number which occurs most
mode
88.9%
When Predictior is (single) categorical and response if cont
t-test
22.2%
predictor is categorical and response is categorical
Chi-squared
22.2%
Number of individuals in sample
n
11.1%
11.1%
11.1%
Number in the middle of smaple
meadian
0%
Variance
sum(x-avg)
0%
standard deviation
square root of variance
0%
Measuers of central tendency
mean, median, mode
0%
Measueres of dispersion
variance, standard deviation
0%
Question
Answer
% Correct
descriptive statistics
mean, meadian, mode, variance, standard deviation, linear regression
0%
If large enough samples size, obs are drawn from popultion with equal expectation, then our means will be normally distributed even if population is not
central limit theorm
0%
Inferential Stats
Tests of relationships and differences
0%
test of relationship
Linear regression, correlation, chi-squared
0%
test of differences
ANOVA, t-test
0%
predictor and response are cont
linear regression, correlation
0%
predictor is 2 catagorical treatmeants, response is cont
two-way ANOVA
0%
2 treatmeans (1 cat, one cont.) and cont response
ANCOVA
0%
3 cat treatmeants, cat response
3-D Chi-squared
0%
predictor is 2 cont. response is cont
multiple regression
0%
1 cont predictor, 3 cont responses
multie variate anaysis
0%
Quiz Playlist
Details
Report
Send in Message
Add To Playlist
Classic:
Type in answers that appear in a list
Last Updated: Feb 16, 2017
Quiz Scoreboard
CHALLENGE
Sign Up to Join the Scoreboard
Show All
Scores
Hide
Comments
May contain spoilers
Recently Published
Colored Red Africa Blitz
by spor1
Geography
30s
Find the 'City' Movie
by crazypaving
Movies
60s
5x2 Blitz: Bands
by SL_Kpop136
Music
30s
More to Explore
Quiz From the Vault
Featured Blog Post
14 Easter Pick-up Lines to Find Eggs With
hide this ad
You Might Also Like...
Tags
final
Today's Top Quizzes in Science
Browse Science
hide this ad
Today's Top Quizzes in final
Browse final
Top Contributed Quizzes in Science
1
Windmill: Elements
2
17 TIMES TABLE
3
Glycolysis
4
Square Numbers Scrambled (1-50)
5
Astronomy Spelling Bee
6
'C' Flowers II
7
Vet Tech Pharmacology Drug Contraindications
8
Missing Vowel Minefield: Lanthanides
9
Sorting Squares: Animals by Continent
10
3-letter Elementary Words
Explore More
Trending Topics
Disney
Crossword
Marvel
Anime
NBA
Kpop
Harry Potter
The Office
Country
NFL
Soccer
Pokémon
Song
Puzzle
WWE
hide this ad
More By:
wiggy00
Quiz
Plays
Rating
Category
Featured
Created
Prototherian and Metatherian Taxonomy
52
1.00
Science
Oct 31, 2012
Families of passeriformes
48
Science
May 6, 2011
Orders of Birds
27
Science
May 5, 2011
Eutherian Taxonomy
14
4.00
Science
Oct 31, 2012
Biostats Final
9
Science
May 9, 2011
Go to Creator's Profile
Score Distribution
Quiz Creator Spotlight
wiggy00
Follow
Send a Message
Quizzes Created
-
Created Quiz Play Count
-
More By This Creator
Popular Quizzes Today
1
Colored Red Africa Blitz
2
Find the 'City' Movie
3
5x2 Blitz: Bands
4
Find the US States - No Outlines Minefield
5
The Countries of the World
6
Find the US States
7
US States
8
Find the Countries of Europe - No Outlines Minefield
More Science Quizzes
Are They in the Same Genus?
Published
Trending Quizzes
Colored Red Europe Blitz I
Colored Red Africa Blitz II
Colored Red Europe Blitz II
Colored Red Africa Blitz III
Colored Red Europe Blitz III
Recently Updated
How Do You Spell That?
pecheneg
Godzilla Movies
pecheneg
Grab Bag: 4-10 Letters
pecheneg
2024 March Madness Bracket
pecheneg
Famous TV Couples
Peacemaker
Champions League XIs: Real Madrid
pecheneg
Largest US Cities 1790-2010
pecheneg
Rides in Walt Disney World
pecheneg
Most Oscar Losses (Acting)
pecheneg
Beyoncé Albums
pecheneg
Trending Topics
Marvel
Anime
Crossword
Kpop
Harry Potter
Disney
NBA
NFL
The Office
Song
Puzzle
Country
WWE
Soccer
Pokémon
Your Account Isn't Verified!
In order to create a playlist on Sporcle, you need to verify the email address you used during registration. Go to your
Sporcle Settings
to finish the process.
Report this User
Report this user for behavior that violates our
Community Guidelines
.
Details:
Send Report
Go to the Sporcle.com Mobile Site →
Comments